| 000 | 00835nam a2200217Ii 4500 | ||
|---|---|---|---|
| 003 | JO-AjNU | ||
| 008 | 230605s9999||||xx |||||||||||||| ||und|| | ||
| 020 | _a978-9957-88-281-9 | ||
| 040 |
_aJO-AjNU _bara _erda _cJO-AjNU |
||
| 041 | _aara | ||
| 050 | 1 | 4 | _aPQ9698.13.O3546.A4512 2009 |
| 100 | 3 |
_aكويلو، باولو؛ ترجمة جواد صيداوي؛ تدقيق لغوي روحي طعمة, _eauthor _956750 |
|
| 245 | 0 | 0 | _aالخيميائي: رواية من روائع الأدب العالمي |
| 264 | 3 | 1 | _aبيروت: شركة المطبوعات للنشر والتوزيع، 2009 |
| 300 | _a187ص | ||
| 336 |
_atext _btxt _2rdacontent |
||
| 337 |
_aunmediated _bn _2rdamedia |
||
| 338 |
_avolume _bnc _2rdacarrier |
||
| 490 | 0 | _aسلسلة الادب | |
| 650 | 4 |
_aالأدب الفرنسي - ترجمة - قصص _956751 |
|
| 999 |
_aA25391 _c28959 _d28959 |
||